| 000 | 00466nam a2200157Ia 4500 | ||
|---|---|---|---|
| 008 | 240729s9999 xx 000 0 und d | ||
| 022 | _a1799-8972 | ||
| 245 | 0 | _aSuomen Antropologi | |
| 260 | _aFinland | ||
| 260 | _bSuomen Antropologinen Seura (Finnish Anthropological Society) | ||
| 650 | _a Anthropology | ||
| 650 | _aGeography. Anthropology. Recreation | ||
| 856 | _uhttps://doaj.org/toc/a490033770524d80a8d378330f1d688b | ||
| 942 | _2ddc | ||
| 942 | _cDOAJEJ | ||
| 999 |
_c73275 _d73275 |
||
| 945 |
_a1 _bMadushi Gamage _c1 _dMadushi Gamage |
||